Kadra reprezentacji Włoch - MŚ 2014 - Statystyki

Ogólne statystyki
  • Ten quiz został rozwiązany 41 razy
  • Średni wynik to 10 z 24
Statystyki odpowiedzi
Nr Zawodnik Poz % Poprawnych
1 Gianluigi Buffon BR
100%
3 Giorgio Chiellini OB
95%
21 Andrea Pirlo PO
92%
19 Leonardo Bonucci OB
87%
15 Andrea Barzagli OB
71%
9 Mario Balotelli NA
71%
8 Claudio Marchisio PO
61%
16 Daniele De Rossi PO
58%
23 Marco Verratti PO
47%
17 Ciro Immobile NA
39%
10 Antonio Cassano NA
37%
12 Salvatore Sirigu BR
34%
22 Lorenzo Insigne NA
32%
2 Mattia De Sciglio OB
32%
7 Ignazio Abate OB
29%
4 Matteo Darmian OB
29%
13 Mattia Perin BR
29%
6 Antonio Candreva PO
24%
# Cesare Prandelli Trener
16%
14 Alberto Aquilani PO
13%
5 Thiago Motta PO
13%
11 Alessio Cerci NA
5%
18 Marco Parolo PO
5%
20 Gabriel Paletta OB
3%
Nie znaleziono quizów pasujących do podanych kryteriów
Rozkład punktacji
Procent ludzi z każdym wynikiem
Percentyl według liczby udzielonych odpowiedzi
Twoja historia wyników
Nie rozwiązałeś tego quizu